000 01477nam0a2200385 4500
001 RU\NLR\BIBL_A\010455944
005 20250614054243.0
010 _a978-5-906114-05-1
010 _a978-5-906114-02-0
_91000
021 _aRU
_b2014-47744
_92888
035 _a(NILC)RuMoRGB-007515691
035 _a(NLR Aleph) 010455944
090 _a9951077
_c9951077
100 _a20140901d2014 |||y0rusy50 ca
101 0 _arus
102 _aRU
105 _aac||z||||00yy
200 1 _aПутеводитель по медитации
_fВадим Запорожцев, Виктория Бегунова, Анастасия Михеева, Дарья Савельева
210 _aМосква
_cYoga press
_d2014
215 _a203 с.
_cил., портр.
_d21
225 1 _aСерия "Путеводители по йоге"
_vт. 4
300 _aЗагл. обл.: Медитация
512 1 _aМедитация
606 1 _aМедитация
_91261607
_3RU\NLR\AUTH\66200516
686 1 _aЮ969.1
701 1 _aЗапорожцев
_bВ. В.
_f1970-
_gВадим Валерьевич
_9174808
_3RU\NLR\AUTH\770174859
701 1 _aБегунова
_bВ.
_gВиктория
701 1 _aМихеева
_bА.
_gАнастасия
701 1 _aСавельева
_bД.
_gДарья
801 0 _aRU
_bРГБ
_c20140704
_gRCR
801 1 _aRU
_bРГБ
_c20140704
_2rusmarc
942 _cBOOK
980 _aNB